[Event "RUS-Cup10"]
[Site "Tomsk"]
[Date "1997.07.22"]
[Round "2"]
[White "Kron, Valentin"]
[Black "Irzhanov, Ruslan"]
[Result "0-1"]
[WhiteElo "2445"]
[BlackElo "2535"]
[Annotator "Ribli,Z"]
[PlyCount "84"]
[EventDate "1997.07.21"]
[EventType "swiss"]
[EventRounds "9"]
[EventCountry "RUS"]
[SourceTitle "EXT 2000"]
[Source "ChessBase"]
[SourceDate "1999.11.16"]
[SourceVersion "1"]
[SourceVersionDate "1999.11.16"]
[SourceQuality "1"]

1. c4 g6 2. g3 Bg7 3. Bg2 d6 4. Nc3 Nf6 5. e4 O-O 6. Nge2 c5 7. O-O {Der Punkt
d4 ist geschwächt. Der Ne2 steht jedoch elastisch, und in einigen Varianten
ist f2-f4 möglich.Ribli.} Nc6 8. d3 (8. d4 $2 cxd4 9. Nxd4 Nxe4 $5 {Das ist
ein typisches Motiv in solchen Stellungen.Ribli.} 10. Nxc6 Nxc3 11. Nxd8 Nxd1
12. Nxb7 Bxb7 13. Bxb7 Rab8 14. Rxd1 Rxb7 15. Rb1 Rc8 16. b3 Rxc4 $19) 8... a6
{Schwarz bereitet Gegenspiel am Damenflügel vor.} 9. h3 Rb8 10. f4 (10. a4 Ne8
11. Be3 Nd4 12. Rb1 Nc7 (12... Bd7 13. b4 Nxe2+ (13... b6 14. f4 f5 15. Kh2 e5
16. Qd2 {1-0 Miezis,N-Espig,L/Dresden op 1996 (27)}) 14. Nxe2 cxb4 15. Rxb4 b5
16. axb5 axb5 17. cxb5 Rxb5 18. Rxb5 Bxb5 19. Qb3 Qd7 {1/2-1/2 Gorbatow,
A-Iordachescu,V/Moscow Petrosian 1995 (32)}) 13. b4 Nce6 14. b5 axb5 15. axb5
Ra8 16. f4 f5 17. Bf2 Ra3 18. Nxd4 cxd4 19. Na4 fxe4 20. Bxe4 Rxa4 21. Qxa4 Nc5
22. Qa3 Bxh3 23. Bg2 Qd7 {0-1 Rogers,C-Avrukh,B/Agios Nikolaos open 1995 (36)})
10... Bd7 (10... Qc7 11. a4 (11. g4 e6 12. Ng3 Nd4 13. Nce2 Ne8 14. Be3 Nc6 15.
Rb1 f5 16. exf5 exf5 17. g5 b5 18. b3 Bb7 19. d4 cxd4 20. cxb5 axb5 21. Bd5+
Kh8 22. Nxd4 Nxd4 23. Bxd4 Bxd5 24. Bxg7+ Nxg7 25. Qxd5 Qc5+ 26. Qxc5 dxc5 {
1/2-1/2 Korsakova,T-Smajlovic,L/Erevan olw 1996/EXT 96ch2 (35)}) 11... Bd7 12.
f5 Nb4 13. g4 b5 14. axb5 axb5 15. Be3 Bc6 16. Qd2 Nd7 17. fxg6 hxg6 18. Bh6
$13 {1-0 Janda,P-Stojkovic,A/CZE Tschechien-ch 1993 (26)}) (10... Nd4 11. Be3
Ne8 12. Rb1 f5 13. exf5 gxf5 14. b4 b6 15. bxc5 dxc5 16. Na4 Bd7 17. Nxd4 cxd4
18. Bd2 {Sunye Neto,J-Fedorowicz,J/Mexico open 1991/1-0 (45)}) (10... Ne8 11.
Be3 (11. g4 b5 12. Rb1 b4 13. Na4 Nd4 14. b3 Nc7 15. f5 e6 16. Nxd4 Bxd4+ 17.
Kh1 exf5 18. gxf5 Bd7 {0-1 Stankovic,D-Micic,C/JUG-chT Tivat 1995 (40)}) 11...
b5 12. Qd2 Nd4 13. Rac1 Nxe2+ 14. Qxe2 Nc7 15. b3 Ne6 $15 {Barcenilla,R-Miles,
A/Calcutta 1995/0-1 (88)}) 11. Be3 (11. g4 Ne8 12. f5 b5 13. g5 Nd4 14. Kh1
bxc4 15. dxc4 gxf5 16. Nxd4 cxd4 17. Nd5 e6 18. exf5 exd5 19. f6 Qc8 20. cxd5
Bxh3 21. fxg7 Bxg2+ 22. Kxg2 Nxg7 23. Qxd4 Re8 {0-1 Schulz,K-Schoen,W/Porz
1988/CBM 10 (37)}) (11. a4 Ne8 12. Be3 Nc7 13. d4 cxd4 14. Nxd4 Ne6 (14... b5
15. cxb5 axb5 16. Ndxb5 Nxb5 17. axb5 Na5 18. Qa4 Bxc3 19. bxc3 Rxb5 20. Qc2
Nc4 21. Bd4 Qc8 {1/2-1/2 Nedela,V-Kalod,R/Brno-C 1994 (33)}) 15. Nde2 Nc5 16.
e5 Be6 17. Nd5 b6 18. exd6 exd6 19. Nec3 Na5 20. Qe2 Re8 21. Rfe1 Nd7 22. Ne4
Bxd5 23. cxd5 Nb3 24. Rad1 Ndc5 25. Nxc5 bxc5 26. Qxa6 Bxb2 27. Bf2 Rxe1+ 28.
Rxe1 Bd4 {0-1 Zahilas,L-Kotronias,V/8th Open, Ano Liosia GRE 1997 (38)}) 11...
b5 12. Qd2 Ne8 $11 {[%cal Ge8c7,Gc7e6] Der schwarze Springer zielt nach e6.
Ribli.} 13. Rae1 (13. Kh2 Nd4 14. Rae1 e6 15. g4 f5 16. exf5 gxf5 17. g5 Qa5
18. a3 Nc7 19. Rb1 Nxe2 20. Nxe2 Qxd2 21. Bxd2 bxc4 22. dxc4 Bxb2 {0-1
Kientzler,I-Savova,S/Thessaloniki olw 1984/BIG 80 (41)}) (13. Rab1 f5 14. Kh2
Nf6 15. b3 Kh8 16. Rbd1 Qe8 17. Nd5 e6 18. Nxf6 Bxf6 19. exf5 gxf5 20. d4 bxc4
21. bxc4 cxd4 22. Nxd4 Qc8 23. Nb3 {1-0 Kron,V-Nikitin,Y/Kemerovo 1991/TD
91\03 (28)}) (13. g4 $6 f5 (13... bxc4 14. dxc4 f5)) 13... Nc7 14. f5 {
Praktisch erzwungen, sonst spielt Schwarz 14...Ne6 und 15...Ned4.} Ne5 {
[%csl Ge5]} 15. b3 a5 {Schwarz hat eine bequeme Stellung mit einem guten
Stützpunkt auf e5.} 16. Nf4 (16. cxb5 Nxb5 17. Nxb5 Bxb5 {[%csl Rd3]} 18. fxg6
hxg6 19. d4 cxd4 20. Bxd4 $15 {[%csl Ge5]}) 16... bxc4 (16... a4 17. fxg6 hxg6
18. cxb5 (18. bxa4 bxc4 $15) 18... axb3 (18... Nxb5 19. Nxa4 $14) 19. a4 $13)
17. bxc4 (17. dxc4 a4 $15 {[%cal Gb8b3]}) 17... a4 18. Rb1 Bc6 19. g4 Rxb1 (
19... Qd7 $11) 20. Rxb1 Qa8 21. Ncd5 (21. Nfd5 $11) 21... Nxd5 22. exd5 (22.
cxd5 $11) 22... Bd7 23. Kh1 Rb8 $15 24. Rc1 (24. Rxb8+ Qxb8 {[%cal Gb8b1]} 25.
fxg6 hxg6 {[%csl Ge5]} 26. Qc2 a3 $15 {Droht 27...Qb2.Ribli.}) 24... a3 (24...
gxf5 $2 25. gxf5 Bxf5 $17) 25. d4 $2 (25. fxg6 hxg6 26. Rc2 $15) 25... Rb2 {[#]
} 26. Qc3 Rxa2 $1 {Schwarz opfert den Springer für Aktivität!} 27. dxe5 Bxe5 {
[%csl Ga2,Ge5]} 28. Qe1 {[#]} (28. Qb3 Rxg2 29. Kxg2 a2) 28... Rxg2 $1 {
[%csl Ga3][%cal Ra3a1] Nach diesem zweiten Opfer ist der Weg für den schwarzen
a-Bauern frei.} 29. Kxg2 a2 30. Ra1 (30. fxg6 $5 hxg6 31. Ra1) 30... Qa3 $17 {
[%csl Ga3][%cal Ga3e3,Ra3b2,Re5a1]} 31. Kf3 Qb2 32. Rc1 Qxc1 (32... a1=Q 33.
Rxa1 Qxa1 34. Qxa1 Bxa1 35. fxg6 hxg6 $17) 33. Qxc1 gxf5 $1 {Ein starker
Zwischenzug! Schwarz hat Zeit genug für a1Q.} 34. Nd3 (34. gxf5 Bxf5 $5 (34...
a1=Q 35. Qxa1 Bxa1 {[%csl Rf5]}) 35. Qh1 Kh8) 34... a1=Q 35. Nxe5 Qxe5 $19 {
Schwarz hat zwei Bauern mehr. Noch wichtiger ist aber, daß die weiße
Königsstellung sehr geschwächt ist.} 36. Bf4 Qe4+ 37. Kg3 fxg4 38. hxg4 Qe2 {
Ein typisches Beispiel dafür, wie sehr die unglechfarbigen Läufer dem
Angreifer zugute kommen.} 39. g5 Bf5 {[%cal Rf5e4]} 40. Be3 Be4 41. Bf4 Qg2+
42. Kh4 Bf5 {[%csl Rh4] Weiß gab angesichts des bevorstehenden Matts auf.Ribli.
} 0-1

[Event "Kerteminde"]
[Site "Kerteminde"]
[Date "1991.??.??"]
[Round "6"]
[White "Hansen, Lars Bo"]
[Black "Hansen, Curt"]
[Result "0-1"]
[WhiteElo "2525"]
[BlackElo "2565"]
[Annotator "Ribli,Z"]
[PlyCount "92"]
[EventDate "1991.02.??"]
[EventType "tourn"]
[EventRounds "9"]
[EventCountry "DEN"]
[EventCategory "10"]
[SourceTitle "CBM 023"]
[Source "ChessBase"]
[SourceDate "1991.08.01"]
[SourceVersion "1"]
[SourceVersionDate "1991.08.01"]
[SourceQuality "1"]

1. c4 c5 2. Nc3 g6 3. g3 Bg7 4. Bg2 d6 5. e4 Nc6 6. Nge2 Nf6 7. d3 Rb8 8. O-O
a6 9. a4 O-O 10. Rb1 Bd7 11. Bg5 (11. h3 $5 Ne8 12. Be3 Nc7 13. d4) 11... Ne8
12. Qd2 Nc7 13. Nd5 b5 14. axb5 axb5 15. cxb5 Rxb5 16. Nec3 Rb3 17. Nxc7 Qxc7
18. Nd5 Qd8 19. h4 Be6 20. Qc2 Nd4 21. Qd2 Bxd5 $1 22. exd5 Bf6 23. Bxf6 exf6
$15 24. h5 f5 25. h6 g5 26. f4 g4 27. Rfc1 Qf6 28. Rc3 Rbb8 29. Rc4 Rfe8 30.
Re1 Qxh6 31. b4 Kg7 32. bxc5 dxc5 33. Rxc5 Qb6 34. Rxe8 Qxc5 35. Re3 Rb1+ 36.
Kh2 Qb6 37. Re1 Rb2 38. Qc3 Rc2 39. Qa1 Qf6 40. Kh1 h5 41. Rc1 Rxc1+ 42. Qxc1
h4 43. Qe3 hxg3 44. Qe5 Qxe5 45. fxe5 f4 46. d6 Kf8 0-1

[Event "Munich SKA"]
[Site "Munich"]
[Date "1994.05.22"]
[Round "2"]
[White "Bareev, Evgeny"]
[Black "Gelfand, Boris"]
[Result "1/2-1/2"]
[WhiteElo "2685"]
[BlackElo "2685"]
[Annotator "Ribli,Z"]
[PlyCount "64"]
[EventDate "1994.05.21"]
[EventType "tourn"]
[EventRounds "11"]
[EventCountry "GER"]
[EventCategory "16"]
[SourceTitle "CBM 042"]
[Source "ChessBase"]
[SourceDate "1994.10.01"]
[SourceVersion "1"]
[SourceVersionDate "1994.10.01"]
[SourceQuality "1"]

1. c4 g6 2. Nc3 Bg7 3. g3 Nf6 4. Bg2 O-O 5. d3 c5 6. e4 Nc6 7. Nge2 Ne8 8. Be3
Nd4 9. O-O d6 10. Rb1 Nc7 (10... a5 $5 11. b3 Nc7 12. a3 Bg4 $1 $10 {Gurevich,
M-Gavrikov,V/USSR/1983/}) 11. b4 b6 $5 (11... Nce6 12. Qd2 Nxe2+ $6 (12... Rb8
$5) 13. Nxe2 Nd4 14. f4 Rb8 15. f5 $1 gxf5 16. Nxd4 cxd4 17. Bh6 $36 {Ribli,
Z-Istratescu,A/Odorheiu Secuiesc/1993/CBM36/}) 12. Qd2 (12. e5 Rb8 13. exd6
exd6 $10) 12... Bb7 13. f4 $6 (13. a4 Rb8 14. Nb5 Ncxb5 15. axb5 $14) 13... f5
14. a4 Rb8 15. Nb5 Ncxb5 16. axb5 Qc7 17. bxc5 bxc5 (17... dxc5 18. Bxd4 Bxd4+
19. Nxd4 cxd4 20. e5 $14) 18. Qa2 Kh8 19. Nc3 e6 20. Kh1 Ra8 21. Rfe1 h6 (21...
Rfe8 $5 22. Qd2 Qf7 $10) 22. Qd2 Qf7 23. Bg1 a6 24. bxa6 (24. b6 $5) 24... Rxa6
$10 25. Bxd4 Bxd4 26. Nb5 Bg7 27. d4 cxd4 28. Nxd4 Bxe4 29. Bxe4 fxe4 30. Rxe4
e5 31. Nb5 exf4 32. Rxf4 Qb7+ 1/2-1/2

[Event "Bern"]
[Site "Bern"]
[Date "1991.??.??"]
[Round "2"]
[White "Miralles, Gilles"]
[Black "Zueger, Beat"]
[Result "1/2-1/2"]
[WhiteElo "2470"]
[BlackElo "2425"]
[Annotator "Ribli,Z"]
[PlyCount "34"]
[EventDate "1991.02.??"]
[EventType "tourn"]
[EventRounds "9"]
[EventCountry "SUI"]
[EventCategory "9"]
[SourceTitle "CBM 022"]
[Source "ChessBase"]
[SourceDate "1991.06.01"]
[SourceVersion "1"]
[SourceVersionDate "1991.06.01"]
[SourceQuality "1"]

1. c4 g6 2. g3 Bg7 3. Bg2 Nf6 4. Nc3 O-O 5. e4 d6 6. Nge2 c5 7. O-O Nc6 8. d3
Rb8 (8... Nd4 9. Rb1 e5 10. h3 a6 11. f4 Rb8 12. f5 gxf5 13. Bg5 $146 {
Schlosser,P-Bellia,F Mitropa-Cup 1990}) 9. a3 (9. h3 a6 10. a4 Ne8 11. Be3 Nd4
12. Rb1 Nc7 13. b4 Nce6 {Fauland,A-Tolnai,T Budapest Noviki-A 1990 CBM/19})
9... a6 10. Rb1 b5 11. cxb5 axb5 12. b4 cxb4 13. axb4 Bg4 14. h3 Bxe2 15. Nxe2
d5 16. Bg5 dxe4 17. dxe4 Nd7 1/2-1/2

[Event "San Francisco"]
[Site "San Francisco"]
[Date "1991.??.??"]
[Round "1"]
[White "Rogers, Ian"]
[Black "Christiansen, Larry Mark"]
[Result "0-1"]
[WhiteElo "2545"]
[BlackElo "2590"]
[Annotator "Ribli,Z"]
[PlyCount "72"]
[EventDate "1991.03.??"]
[EventType "tourn"]
[EventRounds "11"]
[EventCountry "USA"]
[EventCategory "12"]
[SourceTitle "CBM 023"]
[Source "ChessBase"]
[SourceDate "1991.08.01"]
[SourceVersion "1"]
[SourceVersionDate "1991.08.01"]
[SourceQuality "1"]

1. e4 c5 2. c4 Nc6 3. Nc3 g6 4. g3 Bg7 5. Bg2 e6 $5 6. Nge2 Nge7 7. d3 a6 8.
O-O O-O 9. a3 b5 $5 10. cxb5 axb5 11. Nxb5 Ba6 12. Nbc3 Ne5 13. Nf4 Qc7 14. h4
Rfb8 15. Qc2 N7c6 16. Nce2 Qb6 17. Rd1 d6 18. Rb1 Qb3 $1 $44 19. Qxb3 Rxb3 20.
Nc3 Rab8 21. Ra1 Nd4 22. Bf1 h6 23. Ra2 g5 24. hxg5 hxg5 25. Nh5 Nef3+ 26. Kg2
Be5 27. g4 f6 28. Kh1 Kf7 29. Bg2 Rh8 30. Bxf3 Nxf3 31. Kg2 Nh4+ 32. Kf1 d5 33.
exd5 exd5 34. a4 d4 35. Nb5 Bc8 36. Re1 Bxg4 0-1

[Event "Groningen Harmonie"]
[Site "Groningen"]
[Date "2002.12.24"]
[Round "4"]
[White "Romero Holmes, Alfonso"]
[Black "Ernst, Sipke"]
[Result "1-0"]
[WhiteElo "2524"]
[BlackElo "2497"]
[Annotator "Ribli,Z"]
[PlyCount "83"]
[EventDate "2002.12.21"]
[EventType "tourn"]
[EventRounds "9"]
[EventCountry "NED"]
[EventCategory "10"]
[SourceTitle "CBM 093"]
[Source "ChessBase"]
[SourceDate "2003.04.01"]
[SourceVersion "1"]
[SourceVersionDate "2003.04.01"]
[SourceQuality "1"]

1. c4 Nf6 2. Nc3 g6 3. e4 {Weiß möchte mit diesem Zug die Grünfeld-Indische
Verteidigung vermeiden (was nach 3.d4 möglich wäre) und gleichzeitig den
Aufbau g3-Bg2-Nge2 spielen.} d6 4. g3 Bg7 5. Bg2 c5 6. Nge2 Nc6 7. d3 O-O 8.
O-O Ne8 {[%cal Ge8c7,Gc7e6,Ge6d4] Ein bekanntes Springermanöver - Schwarz
bereitet den Plan Nc7-Ne6 vor, wonach er sich den d4-Punkt verschaffen kann.}
9. Be3 Nd4 (9... Nc7 10. Qd2 (10. d4 cxd4 11. Nxd4 $14)) 10. Qd2 (10. h3 Nc7
11. f4 Rb8 12. a4 a6 13. a5 b5 14. axb6 Rxb6 15. Na4 Nxe2+ 16. Qxe2 Rb8 17. f5
Bd7 18. Nc3 Rb4 $11) 10... Rb8 (10... Nc7 11. Bh6 Rb8 (11... Nce6 12. Bxg7 Kxg7
13. f4) 12. Bxg7 Kxg7 13. Nxd4 cxd4 14. Ne2 e5 15. f4 b5 16. f5 gxf5 17. exf5
f6 18. g4 bxc4 19. dxc4 d5 20. c5 Ba6 21. Rfe1 d3 22. Ng3 e4 23. b4 {1-0
Romero Holmes,A-Speck,N/Bled 2002/EXT 2003 (38)}) 11. Bxd4 (11. Rab1 Bg4 12. f3
Bd7 13. b4 Nc7 14. f4 b6 15. h3 f5 $13) 11... cxd4 (11... Bxd4 12. Nxd4 cxd4
13. Nb5 Qb6 14. a4 e5 15. a5 Qa6 16. f4 $16) 12. Nb5 {Nach diesem Zug haengt
der Pa7 und der Pd4 auch.} Qb6 13. a4 {Droht 14.a5 mit Bauerngewinn, so dass
Schwarz entweder 13...a5 ziehen (aber in diesem Fall hat Weiß aktives Spiel am
Damenflügel nach 14.b4) oder den Zug 14.a5 zulassen muss, um den d4-Bauern zu
verteidigen.} e5 (13... a5 14. b4 axb4 15. Qxb4 e5 16. a5 Qd8 17. f4 $6 (17.
Rfb1 $5) 17... Ra8 18. Rfb1 Ra6 19. h3 Nc7 20. f5 Bh6 21. Kh2 Ne8 22. c5 f6 23.
Rb2 Rf7 24. h4 Kg7 {0-1 Filipenko,A-Gleizerov,E/Cheliabinsk 1991/CBM 25/[Ribli]
(43)}) 14. a5 Qa6 {[%csl Ra6] Schwarz hat nichts Besseres, weil er den Pa7
verteidigen muss, aber jetzt die Dame steht schrecklich passiv auf a6.} 15. Nc1
$1 {[%cal Gc1a2,Ga2b4,Gb4d5][%mdl 32] Der Springer zielt auf das Feld-d5 durch
Na2 - Nb4.} Ra8 {Schwarz verteidigt den a7-Bauern und möchte die Dame befreien.
Ich glaube, es wäre besser 15...b6 zu spielen, mit Chancen auf Gegenspiel.} (
15... b6 16. Na2 (16. b4 $6 Bd7 $132) 16... Qxa5 $4 (16... bxa5 17. Nb4 Qb6 18.
Nd5 Qb7 19. Rxa5 a6 20. Rfa1 axb5 (20... Qd7 21. Rxa6 Bxa6 22. Rxa6 $44) 21.
Ra7 $18 {[%csl Rb7] Nach 21...Qc6 kommt 22.Ne7+.}) 17. Nb4 $18) 16. Na2 Qc6 17.
Nb4 Qd7 18. a6 $1 (18. Nd5 $14) 18... b6 $6 {Nach diesem Zug befindet sich
Schwarz ohne Gegenspiel. Es wäre viel besser gewesen 18...bxa6 zu spielen.} (
18... bxa6 19. Nxa6 Bb7 $14) 19. f4 Bh6 20. Nd5 $16 {[%csl Gb5,Gd5] Weiß hat
großen positionellen Vorteil, seine Springer dominieren auf dem Brett. Diese
Partie ist ein gutes Beispiel dafür, dass in geschlossenen Stellungen der
Springer oft viel besser ist als der Läufer.} f6 21. Qe2 {Weiß vermeidet die
Fesselung auf der Diagonale h6-c1 und bereitet den Raumgewinnzug 22.f5 vor.}
Rf7 22. f5 g5 (22... Kh8 23. Bh3 Rf8 24. Bg4 Ng7 25. Nbc7 Rb8 26. Ne6 Nxe6 27.
fxe6 $18) 23. Bf3 $1 {[%cal Rf3h5,Rh5e8] Der weiße Läufer kommt über h5 ins
Spiel.} Ng7 24. Bh5 {[%mdl 2048]} Rf8 (24... Nxh5 25. Qxh5 Bg7 26. Nbc7 Rb8 27.
b4 $5 $16 {[%cal Gc7e6]} (27. Ne6 $16)) 25. Ndc7 Rb8 26. Ne6 Nxe6 27. fxe6 Qe7
(27... Qxe6 $2 28. Nxa7 $16) 28. Bg4 {Weiß hat großen Vorteil - besonders auf
den weißen Feldern. Der Bh6 ist der typische "schlechte" Läufer.} Ra8 (28...
Bxe6 29. Bxe6+ Qxe6 30. Nxa7 $16 (30. Nc7 Qd7 31. Nd5 $44)) 29. b4 {[%cal
Gc4c5] Nachfolgend muss Schwarz (nach Vorbereitung) mit dem Durchbruch c4 - c5
rechnen.} Bg7 (29... Bxe6 30. Bxe6+ Qxe6 31. Nc7 $16 {[%cal Rc7e6,Rc7a8]}) 30.
Bf5 {[%cal Re2h5,Rh5h7]} Bxe6 {Endlich! Schwarz opfert die Qualität, aber das
hilft auch nicht mehr.} (30... Rd8 31. Qh5 Bf8 32. h4 $16) 31. Bxe6+ Qxe6 32.
Nc7 {[%cal Rc7a8,Rc7e6]} Qd7 33. Nxa8 Rxa8 34. Qa2 {[%cal Ga2g8]} Kh8 (34...
Qf7 35. c5 Qxa2 36. Rxa2 dxc5 37. bxc5 bxc5 38. Rb1 $16) 35. c5 $1 {Mit diesem
Bauernopfer öffnet Weiß die Linien für seine Türme.} dxc5 36. bxc5 bxc5 37.
Rab1 {[%cal Rb1b7,Rb7h7] Droht die Turmbesetzung auf der 7. Reihe und Schwarz
hat keine Verteidigung.} Qc6 38. Rb7 g4 39. Qf7 $18 {[%csl Rh8][%cal Rb7h7]}
Rg8 40. Rfb1 (40. Rxa7 $18) 40... Qxa6 41. Rb8 Rc8 42. R1b7 1-0

[Event "San Francisco"]
[Site "San Francisco"]
[Date "1991.??.??"]
[Round "6"]
[White "Grefe, John Alan"]
[Black "Ftacnik, Lubomir"]
[Result "1-0"]
[WhiteElo "2385"]
[BlackElo "2590"]
[Annotator "Ribli,Z"]
[PlyCount "83"]
[EventDate "1991.03.??"]
[EventType "tourn"]
[EventRounds "11"]
[EventCountry "USA"]
[EventCategory "12"]
[SourceTitle "CBM 023"]
[Source "ChessBase"]
[SourceDate "1991.08.01"]
[SourceVersion "1"]
[SourceVersionDate "1991.08.01"]
[SourceQuality "1"]

1. c4 c5 2. g3 g6 3. Bg2 Bg7 4. Nc3 Nc6 5. e3 b6 (5... Bxc3 $5 6. bxc3 Qc7 7.
d3 f5 8. Nh3 e5 $13 {Seirawan,Y-Andersson,U Tilburg 1990 CBM/20}) (5... e6 $5)
6. Nge2 Bb7 7. d4 cxd4 8. exd4 Qc8 9. O-O Na5 10. Bxb7 Qxb7 11. b3 Nf6 12. d5
d6 13. Nd4 $14 {>< c6} Rc8 14. Re1 O-O 15. Bb2 Rfe8 16. Qe2 Qd7 17. Rad1 h5 18.
f3 Nb7 19. Qc2 Nd8 20. Kh1 a6 21. f4 e6 22. Qd2 Qb7 23. Ne4 Nxe4 24. Rxe4 b5
25. Qe2 bxc4 26. bxc4 Rf8 27. Nb3 Bxb2 28. Qxb2 f5 29. Ree1 Rxc4 30. Qg2 $1 $16
exd5 31. Na5 Qf7 32. Nxc4 dxc4 33. Rxd6 Nb7 34. Rde6 Rd8 35. Qc6 Rd7 36. Rxg6+
Kh7 37. Ree6 Rc7 38. Rh6+ Kg8 39. Reg6+ Kf8 40. Rf6 Rxc6 41. Rxf7+ Kxf7 42.
Rxc6 1-0

[Event "New York op"]
[Site "New York"]
[Date "1991.??.??"]
[Round "7"]
[White "Zlotnikov, Mikhail"]
[Black "Olafsson, Helgi"]
[Result "1-0"]
[WhiteElo "2330"]
[BlackElo "2590"]
[Annotator "Ribli,Z"]
[PlyCount "147"]
[EventDate "1991.03.??"]
[EventType "swiss"]
[EventRounds "9"]
[EventCountry "USA"]
[SourceTitle "CBM 023"]
[Source "ChessBase"]
[SourceDate "1991.08.01"]
[SourceVersion "1"]
[SourceVersionDate "1991.08.01"]
[SourceQuality "1"]

1. c4 c5 2. Nc3 g6 3. g3 Bg7 4. Bg2 Nc6 5. e4 d6 6. Nge2 Nf6 7. d3 O-O 8. O-O
Bd7 9. h3 a6 10. Be3 Rb8 11. Qd2 (11. a4 $5) 11... b5 12. cxb5 axb5 13. d4 b4
14. Nd5 Nxd5 15. exd5 Na5 (15... Nxd4 16. Nxd4 cxd4 17. Bxd4 Bxd4 18. Qxd4 Qb6)
16. dxc5 Nc4 17. Qc1 Bb5 18. Bd4 dxc5 19. Bxg7 Kxg7 20. b3 (20. Re1 $5) 20...
Na3 (20... Nd6 $5) 21. Re1 Bxe2 22. Qb2+ Kg8 23. Qxe2 Re8 24. Rac1 Qb6 25. Qe3
Rbc8 26. Qh6 Nb5 27. Re4 Qf6 28. Rce1 Nd6 29. Re5 Ra8 30. Qd2 Ra7 31. g4 Nb5
32. d6 $5 Qxd6 33. Rd5 Qb6 34. Ree5 f6 (34... Nc3 35. Rxc5 Rxa2 36. Qd7) 35.
Re1 Nc3 36. Rd7 Rxd7 37. Qxd7 Kf8 38. Bc6 $1 Qd8 39. Qxe8+ Qxe8 40. Bxe8 Kxe8
41. Ra1 Kd7 42. Kf1 Kd6 43. Ke1 Kd5 44. a3 Kd4 45. axb4 cxb4 46. Ra7 Nd5 47.
Kd2 h5 48. gxh5 gxh5 49. Ra8 e5 50. Rd8 e4 51. Rb8 Nf4 52. h4 f5 53. Rg8 Nh3
54. Rd8+ Ke5 55. f3 exf3 56. Ke3 f2 57. Ke2 Kf4 58. Rg8 Ke4 59. Rb8 Nf4+ 60.
Kxf2 Nd3+ 61. Kf1 Kf3 62. Rd8 Ke4 63. Rb8 Kf3 64. Rb5 Ke4 65. Kg1 Kf4 66. Kh2
Ke4 67. Kg3 f4+ 68. Kh2 f3 69. Kg1 Kf4 70. Rxh5 Kg4 71. Rd5 Nf4 72. Rd4 Kg3 73.
Rxf4 Kxf4 74. Kf2 1-0

[Event "St Petersburg op"]
[Site "St Petersburg"]
[Date "1994.??.??"]
[Round "3"]
[White "Genba, Vladimir"]
[Black "Kiselev, Maxim"]
[Result "1-0"]
[WhiteElo "2350"]
[BlackElo "2400"]
[Annotator "Ribli,Z"]
[PlyCount "113"]
[EventDate "1994.02.??"]
[EventType "swiss"]
[EventRounds "9"]
[EventCountry "RUS"]
[SourceTitle "CBM 041"]
[Source "ChessBase"]
[SourceDate "1994.08.01"]
[SourceVersion "1"]
[SourceVersionDate "1994.08.01"]
[SourceQuality "1"]

1. e4 c5 2. c4 d6 3. Nc3 Nc6 4. g3 g6 5. Bg2 Bg7 6. Nge2 Nf6 7. d3 Bd7 8. O-O
Rb8 9. h3 a6 10. a4 O-O 11. Be3 Ne8 12. Rb1 (12. d4 $5 {Sher,M-Bohak,J/Bled op/
CBM29/}) (12. Kh2 $6 Nc7 13. d4 cxd4 14. Nxd4 Ne6 15. Nb3 $6 (15. Nde2) 15...
b6 $13 {Soffer,R-Nemet,I/Biel op/1992/EXP31/}) 12... Nc7 13. d4 cxd4 14. Nxd4
Ne6 15. Nde2 a5 (15... Na5 $5 16. b3 b5 17. cxb5 axb5 18. axb5 Bxb5 19. Nxb5
Rxb5 20. Qd3 $13) 16. Qd2 Nc5 17. b3 Nb4 18. f4 Bc6 19. Nd5 (19. Rfd1 $5) 19...
e6 20. Ndc3 Qe7 21. Nd4 Rfe8 22. Ndb5 Rbd8 23. Rfd1 b6 24. Kh2 (24. Nxd6 $2
Bxc3 25. Qxc3 Rxd6 $19) 24... Qb7 25. Qe1 (25. Nxd6 $2 Rxd6 26. Qxd6 Bxc3 $19)
25... Nc2 (25... Nxe4 $2 26. Nxe4 Bxe4 27. Bxe4 Qxe4 28. Bxb6 $16) 26. Qe2 Nxe3
27. Qxe3 Bf8 $6 (27... Qb8 $5 $13) 28. Nd4 Bd7 (28... Qc8 $5 29. Nxc6 Qxc6 30.
e5 Qc8 31. Nb5 dxe5 32. fxe5 Rxd1 33. Rxd1 Rd8 34. Nd6 Qc7 35. Nb5 Qc8 (35...
Qb8 $5) 36. Nd6 Qc7 $10) 29. e5 Qc8 (29... Qb8 30. Nc6 Bxc6 31. Bxc6 Re7 32.
Nb5 (32. Qd2 $6 Rc7 33. Bg2 Rcc8 $13) 32... dxe5 33. fxe5 $14) 30. exd6 e5 (
30... Bxd6 $5 31. Ndb5 Bxb5 32. Nxb5 Bb8 33. Nd4 Rd6 34. Qf3 $14) 31. Ndb5 (31.
fxe5 Bxd6 $13) 31... Bf5 32. Rb2 exf4 33. Qxf4 Nd3 34. Rxd3 Bxd3 35. Rd2 Bf5 (
35... Qf5 $2 36. Qd4 $18) 36. Nd5 Re1 37. Nxb6 Qc5 38. Qd4 Qxd4 (38... Qb4 39.
c5 $18) 39. Rxd4 Re2 40. c5 Bg7 41. Rc4 Rd2 (41... Bd3 42. c6 Bxc4 43. c7 Rf8
44. bxc4 $18) 42. c6 Re8 43. Nd5 $1 Ree2 (43... Be4 44. Rxe4 Rxe4 45. c7 $18)
44. Nf4 Rf2 45. d7 Bxd7 (45... Be5 46. Rd4 $1 Rxd4 47. Nxd4 Bc7 48. Nxf5 gxf5
49. Nd5 $18) 46. cxd7 Rxd7 47. Rc8+ Bf8 48. Nc3 Kg7 49. Nfd5 Bd6 $2 (49... Rc2
$5) 50. Ne4 Rf5 51. Nb6 Re7 52. Nxd6 Rf2 53. Re8 Rc7 54. Nbc4 Rc5 55. Re7 Kf8
56. Re8+ Kg7 57. Ne4 1-0